000 00327nam a2200145Ia 4500
008 221030s9999 xx 000 0 und d
041 _aEnglish
082 _a105.23
100 _aM
245 0 _aThermal Physics Digest
_cby M
260 _bKhosla Pub., House
_aDelhi
_c1987
300 _a158
650 _aPhysics
942 _cBK
999 _c1049
_d1049